| 000 | 00494nam a2200157Ia 4500 | ||
|---|---|---|---|
| 005 | 20250416171942.0 | ||
| 008 | 231217s9999 xx 000 0 und d | ||
| 020 | _a9788131403020 | ||
| 082 | _a332 MIS.1;1 R | ||
| 100 | _aMishra, Chandrasekhar. Malhotra, D K. | ||
| 245 | 0 | _aAdvances in research in business and finance, 2005 V.1 : capital markets | |
| 260 |
_c2006 _bIcfai _aHyderabad |
||
| 300 | _axi, 240 | ||
| 650 | _aAdvances,business,finance,,2005,V.1,capital,markets | ||
| 942 | _cAA | ||
| 999 |
_c187248 _d187248 |
||